[Event "CHN-ch Gp-B (Women)"]
[Site "Liaocheng"]
[Date "2024.04.26"]
[Round "11"]
[White "He, Yixuan"]
[Black "Pian, Junyao"]
[Result "1-0"]
[WhiteElo "1812"]
[BlackElo "1717"]
[PlyCount "57"]
[EventDate "2024.04.21"]
[EventType "swiss"]
[EventRounds "11"]
[EventCountry "CHN"]
[SourceTitle "CB18_2024"]
[SourceDate "2024.05.01"]
[SourceVersion "1"]
[SourceVersionDate "2024.05.01"]
[SourceQuality "2"]

1. e4 c5 2. Nf3 d6 3. d4 cxd4 4. Nxd4 Nf6 5. Nc3 a6 6. Bg5 e6 7. f4 Be7 8. Qf3 Qc7 9. 0-0-0 Nbd7 10. Bd3 Nc5 11. Rhe1 0-0 12. Qg3 Nxd3+ 13. Rxd3 Kh8 14. Qh4 e5 15. Nf5 Bxf5 16. exf5 Qc8 17. fxe5 dxe5 18. Rxe5 Qc7 19. Re1 Qc5 20. Rh3 Qxf5 21. Rxe7 Rfe8 22. Rxe8+ Rxe8 23. Rf3 Qg6 24. Bxf6 Qxg2 25. Bxg7+ Kg8 26. Bh6 Qh1+ 27. Nd1 Qxf3 28. Qg5+ Kh8 29. Qg7# 1-0

[Event "CHN-ch Gp-B (Women)"]
[Site "Liaocheng"]
[Date "2024.04.25"]
[Round "9"]
[White "He, Yixuan"]
[Black "Li, Peishan"]
[Result "1/2-1/2"]
[WhiteElo "1812"]
[BlackElo "1647"]
[PlyCount "119"]
[EventDate "2024.04.21"]
[EventType "swiss"]
[EventRounds "11"]
[EventCountry "CHN"]
[SourceTitle "CB18_2024"]
[SourceDate "2024.05.01"]
[SourceVersion "1"]
[SourceVersionDate "2024.05.01"]
[SourceQuality "2"]

1. e4 c5 2. Nf3 e6 3. d4 cxd4 4. Nxd4 a6 5. c4 Qc7 6. Nc3 Nf6 7. Be3 Bb4 8. Bd3 Nc6 9. 0-0 0-0 10. Rc1 Ne5 11. h3 d6 12. a3 Bxc3 13. Rxc3 b6 14. Bg5 Nfd7 15. Bb1 h6 16. Be3 Nf6 17. f4 Ned7 18. Ne2 Bb7 19. Ng3 Nc5 20. Bxc5 Qxc5+ 21. Kh2 Rfd8 22. Re1 Qf2 23. Rf1 Qc5 24. Qc2 e5 25. f5 a5 26. Qf2 Qxf2 27. Rxf2 Kf8 28. Rd2 Ke7 29. Kg1 h5 30. Re3 Rdc8 31. Bd3 Ba6 32. Rc2 a4 33. Be2 g6 34. fxg6 fxg6 35. Rcc3 Bb7 36. Bd3 Rc7 37. Nf1 Rac8 38. Nd2 b5 39. Bc2 Bc6 40. cxb5 Bxb5 41. Rxc7+ Rxc7 42. Rc3 Rxc3 43. bxc3 Nd7 44. Kf2 Nc5 45. Ke3 Kf6 46. h4 g5 47. hxg5+ Kxg5 48. Kf3 Ba6 49. Bb1 Ne6 50. Bc2 Bb5 51. g3 Nc5 52. Bd1 Bd3 53. Ke3 Bb5 54. Nf3+ Kf6 55. Bc2 Nb7 56. Nd2 Na5 57. Bd1 Kg5 58. Nf3+ Kg6 59. Nd2 Nb7 60. Bc2 1/2-1/2

[Event "CHN-ch Gp-B (Women)"]
[Site "Liaocheng"]
[Date "2024.04.24"]
[Round "7"]
[White "He, Yixuan"]
[Black "Zhou, Lanqier"]
[Result "1/2-1/2"]
[WhiteElo "1812"]
[BlackElo "1654"]
[PlyCount "64"]
[EventDate "2024.04.21"]
[EventType "swiss"]
[EventRounds "11"]
[EventCountry "CHN"]
[SourceTitle "CB18_2024"]
[SourceDate "2024.05.01"]
[SourceVersion "1"]
[SourceVersionDate "2024.05.01"]
[SourceQuality "2"]

1. e4 d5 2. exd5 Nf6 3. d4 Nxd5 4. Nf3 Bf5 5. a3 e6 6. Be2 Be7 7. c4 Nf6 8. Nc3 0-0 9. 0-0 c6 10. h3 Qc7 11. Be3 Nbd7 12. Rc1 Rfd8 13. Qb3 Ne4 14. d5 Ndc5 15. Bxc5 Nxc3 16. Rxc3 Bxc5 17. Bd3 Bxd3 18. Rxd3 exd5 19. cxd5 cxd5 20. Rxd5 Rxd5 21. Qxd5 Rd8 22. Qe4 h6 23. Qe2 Rd6 24. Qe8+ Kh7 25. Qe4+ Kg8 26. Qe8+ Kh7 27. Qe4+ g6 28. Qe5 Qc6 29. Qc3 Qd5 30. Re1 Rd8 31. Re5 Qd1+ 32. Re1 Qd5 1/2-1/2

[Event "CHN-ch Gp-B (Women)"]
[Site "Liaocheng"]
[Date "2024.04.24"]
[Round "8"]
[White "Wu, Ruoyi"]
[Black "He, Yixuan"]
[Result "1/2-1/2"]
[WhiteElo "1604"]
[BlackElo "1812"]
[PlyCount "83"]
[EventDate "2024.04.21"]
[EventType "swiss"]
[EventRounds "11"]
[EventCountry "CHN"]
[SourceTitle "CB18_2024"]
[SourceDate "2024.05.01"]
[SourceVersion "1"]
[SourceVersionDate "2024.05.01"]
[SourceQuality "2"]

1. d4 d5 2. Nf3 Nf6 3. Bf4 e6 4. e3 Nbd7 5. c4 Bb4+ 6. Nbd2 c5 7. a3 Bxd2+ 8. Qxd2 0-0 9. Bd3 cxd4 10. exd4 dxc4 11. Bxc4 Nb6 12. Bb3 Nbd5 13. 0-0 Nxf4 14. Qxf4 b6 15. Rac1 Bb7 16. Ne5 Nd5 17. Qd2 Qd6 18. Rfd1 Rac8 19. h3 h6 20. Bc2 Nf6 21. Qe3 Rfd8 22. Bb3 Nd5 23. Qd2 Rxc1 24. Qxc1 Rc8 25. Qd2 Qe7 26. Bxd5 Bxd5 27. Rc1 Rd8 28. Qe3 Qd6 29. Qc3 f6 30. Nc6 Bxc6 31. Qxc6 Qxc6 32. Rxc6 Rxd4 33. Rxe6 Rd1+ 34. Kh2 Rd2 35. b4 Rd3 36. Re3 Rxe3 37. fxe3 Kf7 38. Kg3 Ke6 39. Kf4 b5 40. Ke4 g6 41. Kd4 Kd6 42. g4 1/2-1/2

[Event "CHN-ch Gp-B (Women)"]
[Site "Liaocheng"]
[Date "2024.04.23"]
[Round "6"]
[White "Liang, Chenzhuo"]
[Black "He, Yixuan"]
[Result "0-1"]
[WhiteElo "1582"]
[BlackElo "1812"]
[PlyCount "106"]
[EventDate "2024.04.21"]
[EventType "swiss"]
[EventRounds "11"]
[EventCountry "CHN"]
[SourceTitle "CB18_2024"]
[SourceDate "2024.05.01"]
[SourceVersion "1"]
[SourceVersionDate "2024.05.01"]
[SourceQuality "2"]

1. e4 c5 2. Nf3 d6 3. d4 cxd4 4. Nxd4 Nf6 5. Nc3 a6 6. Bg5 e6 7. f4 Be7 8. Qf3 Qc7 9. 0-0-0 Nc6 10. Nb3 Bd7 11. Bd3 0-0-0 12. Rhe1 h6 13. Bh4 Ne8 14. Bxe7 Nxe7 15. g4 Kb8 16. f5 Nc6 17. Qe3 Ne5 18. h3 Nf6 19. Kb1 Rhe8 20. Qf2 Bc6 21. Rg1 Nxd3 22. cxd3 d5 23. exd5 Nxd5 24. Ne4 Nf4 25. Qe3 exf5 26. gxf5 Rxd3 27. Rxd3 Bxe4 28. Ka1 Nxd3 29. Qd4 Bxf5 30. Qxg7 Qe5 31. Qxe5+ Rxe5 32. h4 Re1+ 33. Rxe1 Nxe1 34. Nd4 Nc2+ 35. Nxc2 Bxc2 36. b3 Kc7 37. Kb2 Be4 38. Kc3 Kd6 39. Kd4 Bc6 40. a4 Ke6 41. a5 Kf5 42. Kc5 Ke4 43. b4 f5 44. Kb6 f4 45. Ka7 f3 46. b5 Bxb5 47. Ka8 f2 48. Kb8 f1Q 49. Ka8 Kd5 50. Ka7 Kc6 51. Ka8 Kc7 52. Ka7 Qf8 53. h5 Qb8# 0-1